00685cam a2200229 a 4500001000500000005001700005020001700022040002300039050002400062082001200086100002300098245004500121260002100166300003800187505000800225520011400233521002000347521002000367650002500387650002200412650002100434121020230831105628.0 a078073002757 aDLCcDLCdDLCbeng00aPZ7.M82712bWh 198500aFic2201 aMorpurgo, Michael.10aWhy the whales came /cMichael Morpurgo. bScholasticc1985 a139 pages :bIllustrationsc20 cm aS  aTwo children befriend the old man known as the Birdman of Bryher and help him lift a curse from their island. a890 bLexile  aS bRaz-Plus  1aFriendshipvFiction. 1aIslandsvFiction. 1aWhalesvFiction.